Crossed Swords, Pakistan, Its Army and the Wars Within (UK)
| Main Author: | |
|---|---|
| Format: | Unknown |
| Published: |
OUP
|
| LEADER | 00225 a2200085 4500 | ||
|---|---|---|---|
| 020 | |a 9780199405671, 9780195476606 | ||
| 100 | |a Nawaz, Shuja | ||
| 245 | |a Crossed Swords, Pakistan, Its Army and the Wars Within (UK) | ||
| 260 | |b OUP | ||
| 999 | |c 41994 |d 41994 | ||